Autobusy w Rybniku - Statystyki

Ogólne statystyki
  • Ten quiz został rozwiązany 96 razy
    36 od ostatniego zresetowania
  • Średni wynik to 16 z 45
Statystyki odpowiedzi
Hint Odpowiedź % Poprawnych
Rudy p. Chwałęcice,Stodoły 43
67%
Żory Bajerówka p. Gotartowice 52
67%
Pszów p. Rydułtowy 10
58%
Książenice p. Kamień,Leszczyny 18
58%
Lyski p. Gaszowice 27
54%
Boguszowice p. Raszowiec 46
54%
Marklowice p. Niedobczyce 2
50%
Rydułtowy p. Czernicę 29
50%
Świerklany p. Chwałowice 33
50%
Boguszowice p. Gotartowice 48
50%
ŁIKEND -> STODOŁY,Pniowiec PR
50%
Rydułtowy p. Radziejów,Niewiadom 23
46%
Lyski p. Jejkowice 36
42%
RYDUŁTOWY p. Radlin Głożyny,Radlin Reden 8
42%
Raszczyce p. Pstrążną L1
42%
Raszczyce p. Adamowice L2
42%
Radlin p. Niewiadom 1
38%
Grabownia p. Wielopole 13
38%
Rydułtowy p. Gaszowice,Piece 28
38%
Wilcza p. Rybnicką Kuźnię 34
38%
Lyski p. Zwonowice 45
38%
Radlin p. Popielów 6
38%
Grabownia p. Wielopole,Ochojec 14
33%
Boguszowice p. Paruszowiec Piaski 15
33%
Gotartowice p. Paruszowiec Piaski 16
33%
Leszczyny p. Kamień,Książenice 19
33%
Radlin p. Niedobczyce 3
33%
Szczerbice p. Zamysłów 7
33%
Jankowice p. Meksyk 30
29%
Boguszowice 46A
29%
Niedobczyce p. Niewiadom 9
29%
Zamysłów p. Maroko Nowiny A
29%
Niewiadom p. Orzepowice,Jejkowice 24
25%
Jejkowice p. Maroko Nowiny 26
25%
Rybnicka Kuźnia p. Meksyk,Wielopole 49
25%
Radziejów p. Popielów 5
25%
Paruszowiec Piaski p. Ligotę,Gotartowice 51
25%
Rybnicka Kuźnia p. Wielopole 12
21%
Niewiadom p. Niedobczyce 4
21%
Popielów p. Radziejów 22
17%
Boguszowice p. Chwałowice 32
13%
Chwałowice p. Boguszowice 42
13%
Niewiadom p. Popielów, Niedobczyce, Radlin N6
13%
Wielopole p. Rybnicką Kuźnię 41
8%
Maroko Nowiny p. Chwałowice, Plac Wolności N8
8%
Nie znaleziono quizów pasujących do podanych kryteriów
Rozkład punktacji
Procent ludzi z każdym wynikiem
Percentyl według liczby udzielonych odpowiedzi
Twoja historia wyników
Nie rozwiązałeś tego quizu od ostatniego zresetowania